UM Logo

LET Comprehensive reviewer : (Record no. 11512)

MARC details
000 -LEADER
fixed length control field 01510nam a22004097a 4500
008 - FIXED-LENGTH DATA ELEMENTS--GENERAL INFORMATION
fixed length control field 181206b ||||| |||| 00| 0 eng d
020 ## - INTERNATIONAL STANDARD BOOK NUMBER
International Standard Book Number 971-685-814-3
082 ## - DEWEY DECIMAL CLASSIFICATION NUMBER
Edition number ©2016
Classification number DFil 371.12076
Item number L567
245 ## - TITLE STATEMENT
Title LET Comprehensive reviewer :
Remainder of title Based on the NCTBS and table of specifications (TOS): professional education BEEd & BSEd volume 2 /
260 ## - PUBLICATION, DISTRIBUTION, ETC. (IMPRINT)
Place of publication, distribution, etc. Metro Manila :
Name of publisher, distributor, etc. Lorimar Publishing Inc.,
Date of publication, distribution, etc. ©2016.
300 ## - PHYSICAL DESCRIPTION
Extent vi, 146 pages :
Dimensions 26 cm.
500 ## - GENERAL NOTE
General note Includes bibliographical references.
650 ## - SUBJECT ADDED ENTRY--TOPICAL TERM
Topical term or geographic name as entry element Teacher examination
General subdivision Reviewer
9 (RLIN) 32995
700 ## - ADDED ENTRY--PERSONAL NAME
Personal name Bautista, Allen U.
9 (RLIN) 32996
700 ## - ADDED ENTRY--PERSONAL NAME
Personal name Prieto, Nelia G.
9 (RLIN) 6601
700 ## - ADDED ENTRY--PERSONAL NAME
Personal name Vega, Violeta A.
9 (RLIN) 32997
700 ## - ADDED ENTRY--PERSONAL NAME
Personal name Abrogena, Lilibeth G.
9 (RLIN) 32998
700 ## - ADDED ENTRY--PERSONAL NAME
Personal name Aragon, Jovenita A.
9 (RLIN) 32999
700 ## - ADDED ENTRY--PERSONAL NAME
Personal name Cajigal, Aris Reymond V.
9 (RLIN) 33000
700 ## - ADDED ENTRY--PERSONAL NAME
Personal name Dues, Irol Francis L.
9 (RLIN) 33001
700 ## - ADDED ENTRY--PERSONAL NAME
Personal name Gallardo, Filomena Barbara R.
9 (RLIN) 33002
700 ## - ADDED ENTRY--PERSONAL NAME
Personal name Lasaten, Ronald Candy S.
9 (RLIN) 33003
700 ## - ADDED ENTRY--PERSONAL NAME
Personal name Lopez, Ma. Eliza S.
9 (RLIN) 33004
700 ## - ADDED ENTRY--PERSONAL NAME
Personal name Lorenzo, Natividad E.
9 (RLIN) 33005
700 ## - ADDED ENTRY--PERSONAL NAME
Personal name Macugay, Eva B.
9 (RLIN) 33006
700 ## - ADDED ENTRY--PERSONAL NAME
Personal name Matir, Aleli R.
9 (RLIN) 33007
700 ## - ADDED ENTRY--PERSONAL NAME
Personal name Mateo, Resurrection M.
9 (RLIN) 33008
700 ## - ADDED ENTRY--PERSONAL NAME
Personal name Mina, Rose Francis E.
9 (RLIN) 33009
700 ## - ADDED ENTRY--PERSONAL NAME
Personal name Nagtalon, Edna C.
9 (RLIN) 33010
700 ## - ADDED ENTRY--PERSONAL NAME
Personal name Pacis, Estrella R.
9 (RLIN) 33011
700 ## - ADDED ENTRY--PERSONAL NAME
Personal name Pedro, Lily Ann C.
9 (RLIN) 33012
700 ## - ADDED ENTRY--PERSONAL NAME
Personal name Samson, Eliza T.
9 (RLIN) 33013
700 ## - ADDED ENTRY--PERSONAL NAME
Personal name Sanchez, Cellenie I.
9 (RLIN) 33014
700 ## - ADDED ENTRY--PERSONAL NAME
Personal name Seatriz, Artemio P.
9 (RLIN) 33015
365 ## - TRADE PRICE
Price amount 593.00
Currency code Php
942 ## - ADDED ENTRY ELEMENTS (KOHA)
Source of classification or shelving scheme Dewey Decimal Classification
Koha item type Reserve
Holdings
Withdrawn status Lost status Source of classification or shelving scheme Damaged status Not for loan Collection code Home library Current library Shelving location Date acquired Source of acquisition Total Checkouts Total Renewals Full call number Barcode Date last seen Date last checked out Copy number Price effective from Koha item type
    Dewey Decimal Classification     Filipiniana UM Digos College - LIC UM Digos College - LIC Book Cart 08/29/2018 Purchased 7 2 DFil 371.12076 L567 2016 25308 05/15/2025 11/18/2023 1 12/06/2018 Filipiniana